| 000 | 00482nam a22001817a 4500 | ||
|---|---|---|---|
| 999 |
_c523896 _d523896 |
||
| 003 | NUST | ||
| 020 | _a4112039 | ||
| 038 | _awaseem | ||
| 082 |
_a491.5491 _bMAL |
||
| 100 |
_aMalik, Parveen _914716 |
||
| 245 |
_aPakistani Zubanin / _cParveen Malik |
||
| 260 |
_aLahore : _bPakistani Punjabi Adabi Board, _c2012. |
||
| 300 | _a280 p. ; | ||
| 500 | _aHardcover. | ||
| 880 |
_6100-02\r _aپروین ملک |
||
| 880 |
_6245-02\r _aپاکستانی زباناں / |
||
| 942 |
_2ddc _cBK |
||